Nanoindentation /

Bibliographic Details
Main Author: Fischer-Cripps, Anthony C.
Format: Book
Language:English
Published: New York : Springer, [2002]
Series:Mechanical engineering series (Berlin, Germany)
Subjects:

MARC

Tag First Indicator Second Indicator Subfields
LEADER 00000cam a22000004a 4500
001 in00001681925
005 20151024135716.0
008 011128s2002 nyua b 001 0 eng
010 |a  2001057672 
020 |a 0387953949 (alk. paper) 
035 |a (OCoLC)ocm48536642 
040 |a DLC  |c DLC  |d C#P  |d UtOrBLW 
042 |a pcc 
049 |a TXAM 
050 0 0 |a TA418.7  |b .F57 2002 
082 0 0 |a 620.1/1292  |2 21 
100 1 |a Fischer-Cripps, Anthony C. 
245 1 0 |a Nanoindentation /  |c Anthony C. Fischer-Cripps. 
264 1 |a New York :  |b Springer,  |c [2002] 
264 4 |c ©2002 
300 |a xx, 197 pages :  |b illustrations ;  |c 25 cm. 
336 |a text  |b txt  |2 rdacontent 
337 |a unmediated  |b n  |2 rdamedia 
338 |a volume  |b nc  |2 rdacarrier 
490 1 |a Mechanical engineering series 
504 |a Includes bibliographical references and index. 
650 0 |a Surfaces (Technology)  |x Testing. 
650 0 |a Tribology. 
650 0 |a Nanotechnology. 
830 0 |a Mechanical engineering series (Berlin, Germany) 
945 |i PromptCat 
948 |a cataloged  |b h  |c 2002/7/23  |d c  |e cmulkey  |f 7:50:22 am 
994 |a 92  |b TXA 
999 |a MARS 
999 f f |s a40c8163-677d-31a0-9fe2-6e10d90460cc  |i 7661eecb-3b1d-3cad-8b7b-7b96dafe3e83  |t 0 
952 f f |p normal  |a Texas A&M University  |b College Station  |c Sterling C. Evans Library  |d Evans: Library Stacks  |t 0  |e TA418.7 .F57 2002  |h Library of Congress classification  |i unmediated -- volume  |m A14829240357 
998 f f |a TA418.7 .F57 2002  |t 0  |l Evans: Library Stacks